1149 1117 1934 1210 1368 1569 1627 1354 1997 1234 1219 1573 1702 1159 1075 1309 1294 1891 1921 1100 1962 1526 1499 1701 1606 1351 1055 1060 1508 1319 1581 1809 1055 1104 1802 1265 1874 1350 1670 1868 1987 1101 1143 1799 1381 1235 1748 1839 1744 1778 1147 1308 1834 1394 1710 1781 1480 1739 1043 1274 1656 1387 1554 1205 1168 1844 1026 1337 1812 1365 1993 1218 1026 1095 1494 1495 1879 1553 1107 1732 1743 1592 1728 1630 1660 1060 1140 1123 1234 1237 1588 1878 1614 1901 1189 1998 1206 1701 1518 BCNSPRNW ULIB Ver.6.0+V

เปลี่ยนเป็นภาษาไทย

Change to English
 แสดงรายละเอียดบรรณานุกรม
  กลับหน้าหลัก

Brief Record : Get Marc (ISO 2709) : E-mail record : QR code < ปิดหน้าต่าง
LEADER : 00000nam 2200000uu 4500
001    13399123299
003     ULIB
008    140815s2556||||th 000 0 tha d
099    วจ.WM172^bก772ค
100 0  เกศกาญจน์ บัวผัน, สุพร พวงวราพันธ์ และน้ำเพชร รัศมี
245 00 ความสัมพันธ์ระหว่างการจัดการความเครียดกับการป้องกันโรคซึมเศร้าของสตรีตำบลบ้านคลอง อำเภอเมือง จังหวัดพิษณุโลก/^cเกศกาญจน์ บัวผัน, สุพร พวงวราพันธ์ และน้ำเพชร รัศมี
260    พิษณุโลกซ:^bวิทยาลัยพยาบาลบรมราชชนนี พุทธชินราช,^c2556
300    102 หน้า
650  0 ความเครียด^xวิจัย
650  0 โรคซึมเศร้า^xวิจัย
700 0  สุพร พวงวราพันธ์^eผู้ร่วมวิจัย
700 0  น้ำเพชร รัศมี^eผู้ร่วมวิจัย
945    ^p0^l0^i034607
999    ^aเกษร โพธิ์สุวรรณ
รายการนี้ยังไม่มีแท็ก
คุณยังไม่ได้ล็อกอิน คุณสามารถมีกิจกรรมร่วมกับเว็บไซต์ได้ แต่ต้องล็อกอินก่อน ::
  ล็อกอิน

รายการสื่อสารสนเทศ

ลำดับที่ ประเภท เลขเรียก/บาร์โค้ด สถานที่ สถานะ
1. งานวิจัย
งานวิจัย
วจ.WM172 ก772ค ฉ.1 
  Barcode: 034607
ห้องสมุดวิทยาเขตสวรรค์ประชารักษ์
►วิจัย
บนชั้น

BibComment


ยังไม่เคยถูกคอมเมนท์

คอมเมนท์ทรัพยากรรายการนี้
  คอมเมนท์: ความสัมพันธ์ระหว่..


 Copyright 2026. Bcnsprnw @Library